| 000 | 01595cam a2200397 a 4500 | ||
|---|---|---|---|
| 001 | 1189550 | ||
| 003 | OSt | ||
| 005 | 20140310182803.0 | ||
| 008 | 970624r1975nyuaf b 000 1 eng | ||
| 010 | _a 97165375 | ||
| 020 | _a0688033709 | ||
| 040 |
_aDLC _cDLC _dDLC |
||
| 050 | 0 | 0 |
_aPS 1017 _b.B419 1975 |
| 082 | 0 | 0 |
_aM 813.4 _221 _bB39 1975 |
| 100 | 1 |
_aAlcott, Louisa May, _d1832-1888. |
|
| 245 | 1 | 0 |
_aBehind a mask _bThe unknown thrillers of Louisa May Alcott _cedited and with an introduction and afterword by Stern, Madeleine |
| 250 | _a1st Quill ed. | ||
| 260 |
_aNew York _bQuill _cc1975 |
||
| 300 |
_axxxiii, 281 p., [2] leaves of plates _bill. _c24 cm. |
||
| 504 | _aIncludes bibliographical references (p. xxix-xxxiii). | ||
| 505 | 0 | _aBehind a mask, or, A woman's power -- Pauline's passion and punishment -- The mysterious key and what it opened -- The abbot's ghost, or, Maurice Treherne's temptation. | |
| 521 | _aCollege students | ||
| 526 | _c1210L-1700L | ||
| 541 | _j1 | ||
| 562 | _efor circulation. 1 copy available in the collection | ||
| 650 | 0 | _aDetective and mystery stories, American. | |
| 650 | 0 |
_aWomen _xSocial life and customs _xFiction. |
|
| 650 | 0 |
_aMan-woman relationships _xFiction. |
|
| 650 | 0 |
_aFeminism _xFiction. |
|
| 650 | 0 |
_aSex role _xFiction. |
|
| 700 | 1 |
_aStern, Madeleine B., _d1912-2007. |
|
| 856 | 4 | 2 |
_3Publisher description _uhttp://www.loc.gov/catdir/description/hc043/97165375.html |
| 906 |
_a7 _bcbc _corignew _d2 _encip _f19 _gy-gencatlg |
||
| 942 |
_2lcc _cBK _kM |
||
| 999 |
_c16026 _d16026 |
||